Délmagyarország. - 1975. június 19., Csütörtök
Elmentve itt :
| Dokumentumtípus: | Újság |
|---|---|
| Megjelent: |
1975-06-19
|
| Sorozat: | Délmagyarország
65 No. 142 |
| Online Access: | http://dmarchiv.bibl.u-szeged.hu/19610 |
| LEADER | 00494nas a2200145 i 4500 | ||
|---|---|---|---|
| 001 | delm19610 | ||
| 005 | 20200415080843.0 | ||
| 008 | 171215s1975 hu n o 0|| hun d | ||
| 022 | |a 0133-025X | ||
| 040 | |a SZTE Délmagyarország Archívum |b hun | ||
| 041 | |a hun | ||
| 245 | 0 | 0 | |a Délmagyarország. - 1975. június 19., Csütörtök |h [elektronikus dokumentum] |
| 260 | |c 1975-06-19 | ||
| 490 | 0 | |a Délmagyarország |v 65 No. 142 | |
| 856 | 4 | 0 | |u http://dmarchiv.bibl.u-szeged.hu/19610/1/dm_1975_142.pdf |z Dokumentum-elérés |